[Event "CYCC U10 w"]
[Site "Quebec CAN"]
[Date "2008.07.16"]
[Round "6"]
[White "Lingyun, Shi"]
[Black "Leveille, Maryse"]
[Result "1-0"]
[WhiteElo "1164"]
[BlackElo "1121"]
[PlyCount "76"]
[GameId "2160767910353995"]
[EventDate "2008.07.14"]
[EventType "swiss"]
[EventRounds "7"]
[EventCountry "CAN"]
[SourceTitle "EXT 2011"]
[Source "ChessBase"]
[SourceDate "2011.11.26"]
[SourceVersion "1"]
[SourceVersionDate "2011.11.26"]
[SourceQuality "1"]

1. d4 d5 2. c4 dxc4 3. Nc3 Nc6 4. Nf3 Nf6 5. e4 Bd7 6. Bxc4 e6 7. Bf4 Bd6 8. e5 Be7 9. exf6 Bxf6 10. Nb5 O-O 11. O-O a6 12. Nc3 Re8 13. Re1 Re7 14. Rc1 Qe8 15. Bxc7 Rc8 16. Bd6 h6 17. Bxe7 Nxe7 18. Bb3 Bg5 19. Nxg5 hxg5 20. Qd2 g4 21. d5 exd5 22. Nxd5 Kf8 23. Nxe7 Rxc1 24. Qxc1 Be6 25. Bxe6 fxe6 26. Rxe6 Qd7 27. Qc8+ Qxc8 28. Nxc8 Kf7 29. Rb6 g3 30. Rxb7+ Ke8 31. Rxg7 Kd8 32. Rg8+ Kc7 33. hxg3 Kb7 34. g4 a5 35. g5 a4 36. g6 a3 37. bxa3 Kc7 38. g7 Kd7 1-0

[Event "CYCC U10 w"]
[Site "Quebec CAN"]
[Date "2008.07.16"]
[Round "6"]
[White "Milicevic, Aleksandra"]
[Black "Cheng, Megan"]
[Result "1-0"]
[WhiteElo "1098"]
[BlackElo "1049"]
[PlyCount "112"]
[GameId "2160767910353996"]
[EventDate "2008.07.14"]
[EventType "swiss"]
[EventRounds "7"]
[EventCountry "CAN"]
[SourceTitle "EXT 2011"]
[Source "ChessBase"]
[SourceDate "2011.11.26"]
[SourceVersion "1"]
[SourceVersionDate "2011.11.26"]
[SourceQuality "1"]

1. e4 e5 2. Nf3 Nc6 3. Bc4 Bc5 4. Qe2 Nf6 5. Ng5 O-O 6. Nxf7 Rxf7 7. Bxf7+ Kxf7 8. Qc4+ Kf8 9. Qxc5+ d6 10. Qe3 Nd4 11. Na3 b5 12. b4 a5 13. c3 Nc6 14. Nc2 axb4 15. cxb4 Nxb4 16. Nxb4 Bb7 17. d3 Ra4 18. Bd2 c5 19. Nc2 Bxe4 20. O-O Bf5 21. Qf3 Be6 22. a3 Qe8 23. Rab1 Kg8 24. h3 Bd5 25. Qe2 Qg6 26. Ne3 Bb7 27. Rxb5 Ba8 28. Ra5 Rxa5 29. Bxa5 d5 30. g3 Qh6 31. Rb1 Bc6 32. Nf5 Qxh3 33. Ne7+ Kf7 34. Nxc6 e4 35. dxe4 Nxe4 36. Qf3+ Kg6 37. Ne5+ Kh6 38. Qh1 Qxh1+ 39. Kxh1 Nxf2+ 40. Kg2 Ne4 41. Bb6 g5 42. a4 Kh5 43. a5 Kh6 44. a6 Kg7 45. a7 Kf6 46. a8=Q Kxe5 47. Qe8+ Kd4 48. Rb4+ Kc3 49. Rxe4 dxe4 50. Qxe4 c4 51. Qe2 Kb4 52. Bd4 Ka5 53. Kf3 Ka6 54. Ke4 Ka5 55. Kd5 Ka4 56. Kxc4 Ka5 1-0

[Event "CYCC U10 w"]
[Site "Quebec CAN"]
[Date "2008.07.16"]
[Round "6"]
[White "Peng, Jackie"]
[Black "Giblon, Melissa"]
[Result "1-0"]
[WhiteElo "1210"]
[BlackElo "1188"]
[PlyCount "145"]
[GameId "2160767910353997"]
[EventDate "2008.07.14"]
[EventType "swiss"]
[EventRounds "7"]
[EventCountry "CAN"]
[SourceTitle "EXT 2011"]
[Source "ChessBase"]
[SourceDate "2011.11.26"]
[SourceVersion "1"]
[SourceVersionDate "2011.11.26"]
[SourceQuality "1"]

1. e4 e5 2. Nf3 Nc6 3. d4 exd4 4. Nxd4 Bc5 5. Nf3 Nf6 6. Nc3 Ng4 7. Be3 Bxe3 8. fxe3 Nxe3 9. Qe2 Nb4 10. Nd4 Nxf1 11. Rxf1 Nc6 12. Nxc6 bxc6 13. O-O-O Bb7 14. Qh5 Qe7 15. Rf2 g6 16. Qf3 Rf8 17. Qh3 O-O-O 18. Na4 Qxe4 19. Nc5 Qb4 20. Nxd7 Rh8 21. Rxf7 h5 22. Rd3 Ba6 23. Nc5+ Qg4 24. Qxg4+ hxg4 25. Rxd8+ Kxd8 26. Nxa6 Rxh2 27. Rg7 Rxg2 28. Rxg6 Rg1+ 29. Kd2 Rg2+ 30. Kd3 Rg3+ 31. Ke4 Rg2 32. Rxc6 g3 33. Kf3 Rg1 34. Rg6 Rc1 35. c3 Rc2 36. Rxg3 Rxb2 37. a4 Rb3 38. Ke4 Ra3 39. Nc5 a6 40. Ke5 Ra1 41. Ke6 Re1+ 42. Kd5 Rd1+ 43. Rd3 Rxd3+ 44. Nxd3 Kc8 45. Nc5 a5 46. Nb3 Kb7 47. Nxa5+ Kb6 48. Nb3 c6+ 49. Kd6 Kb7 50. Kc5 Kc7 51. Na5 Kd7 52. Nxc6 Ke6 53. a5 Kd7 54. a6 Kc7 55. Kb5 Kc8 56. a7 Kb7 57. c4 Ka8 58. c5 Kb7 59. Na5+ Kxa7 60. Kc6 Kb8 61. Kd7 Ka7 62. c6 Ka6 63. c7 Kxa5 64. c8=Q Kb4 65. Qc6 Kb3 66. Qc5 Kb2 67. Qc4 Ka1 68. Qb4 Ka2 69. Kc6 Ka1 70. Kc5 Ka2 71. Kc4 Ka1 72. Kc3 Ka2 73. Qb2# 1-0

[Event "CYCC U10 w"]
[Site "Quebec CAN"]
[Date "2008.07.16"]
[Round "6"]
[White "Reiher, Laurence"]
[Black "Kubiak, Ola"]
[Result "1-0"]
[WhiteElo "1039"]
[BlackElo "850"]
[PlyCount "89"]
[GameId "2160767910353998"]
[EventDate "2008.07.14"]
[EventType "swiss"]
[EventRounds "7"]
[EventCountry "CAN"]
[SourceTitle "EXT 2011"]
[Source "ChessBase"]
[SourceDate "2011.11.26"]
[SourceVersion "1"]
[SourceVersionDate "2011.11.26"]
[SourceQuality "1"]

1. e4 e6 2. Nf3 Nf6 3. Nc3 Bb4 4. Bc4 d5 5. exd5 exd5 6. Bd3 Bc5 7. O-O Ng4 8. Qe1+ Qe7 9. Qxe7+ Kxe7 10. Nxd5+ Kd8 11. Ng5 Bxf2+ 12. Rxf2 Nxf2 13. Kxf2 Be6 14. Nf4 Re8 15. Ngxe6+ fxe6 16. Kg1 Nc6 17. Bxh7 e5 18. Nd3 e4 19. Nc5 Rh8 20. Bxe4 Re8 21. Nxb7+ Kd7 22. Nc5+ Kd6 23. Bxc6 Kxc6 24. Nd3 Rad8 25. b3 Re7 26. Ba3 Rf7 27. Ne5+ Kb7 28. Nxf7 Rxd2 29. c4 Rd7 30. Ne5 Re7 31. Nf3 Rd7 32. Bb2 Rf7 33. a4 c5 34. Bc3 a6 35. b4 cxb4 36. Bxb4 Kb6 37. c5+ Kc6 38. Ne5+ Kb7 39. Nxf7 Kc6 40. h4 Kd5 41. g4 Ke6 42. c6 Kxf7 43. c7 g6 44. c8=Q Kg7 45. Qf8+ 1-0

[Event "CYCC U10 w"]
[Site "Quebec CAN"]
[Date "2008.07.16"]
[Round "7"]
[White "Giblon, Melissa"]
[Black "Cheng, Megan"]
[Result "1-0"]
[WhiteElo "1188"]
[BlackElo "1049"]
[PlyCount "113"]
[GameId "2160767910353999"]
[EventDate "2008.07.14"]
[EventType "swiss"]
[EventRounds "7"]
[EventCountry "CAN"]
[SourceTitle "EXT 2011"]
[Source "ChessBase"]
[SourceDate "2011.11.26"]
[SourceVersion "1"]
[SourceVersionDate "2011.11.26"]
[SourceQuality "1"]

1. e4 e5 2. Nf3 Nc6 3. Bc4 Bc5 4. O-O Nf6 5. Nc3 O-O 6. d3 h6 7. Be3 Bb6 8. Nd5 d6 9. h3 Re8 10. Nxb6 axb6 11. Qd2 Be6 12. Bxe6 fxe6 13. Nh2 Qe7 14. f4 Rad8 15. Nf3 Nd7 16. Bf2 Kh8 17. Bh4 Nf6 18. Bf2 Qf7 19. Nh4 Nd4 20. Bxd4 exd4 21. f5 Qd7 22. Ng6+ Kg8 23. Qf4 e5 24. Qf3 c5 25. Qd1 Qb5 26. b3 Qc6 27. Qc1 Nh7 28. c3 Qd7 29. cxd4 cxd4 30. Qc4+ Qf7 31. Qb5 Qc7 32. Rac1 Qd7 33. Qxb6 Rc8 34. Rxc8 Rxc8 35. Qb4 Rc7 36. Qa5 b6 37. Qxb6 Rb7 38. Qa5 Rc7 39. Qa8+ Rc8 40. Qd5+ Qf7 41. Qxd6 Qf6 42. Qxf6 gxf6 43. Ne7+ Kf8 44. Nxc8 Ng5 45. a4 Ke8 46. b4 Kd7 47. Rc1 Nf7 48. a5 Nd8 49. b5 Nb7 50. a6 Na5 51. b6 Kd8 52. b7 Nxb7 53. axb7 Kd7 54. b8=Q Kd8 55. Nb6+ Ke7 56. Rc7+ Kd6 57. Qd8# 1-0

[Event "CYCC U10 w"]
[Site "Quebec CAN"]
[Date "2008.07.16"]
[Round "7"]
[White "Kubiak, Ola"]
[Black "Milicevic, Aleksandra"]
[Result "0-1"]
[WhiteElo "850"]
[BlackElo "1098"]
[PlyCount "142"]
[GameId "2160767910354000"]
[EventDate "2008.07.14"]
[EventType "swiss"]
[EventRounds "7"]
[EventCountry "CAN"]
[SourceTitle "EXT 2011"]
[Source "ChessBase"]
[SourceDate "2011.11.26"]
[SourceVersion "1"]
[SourceVersionDate "2011.11.26"]
[SourceQuality "1"]

1. e3 c5 2. Qf3 e6 3. d4 cxd4 4. exd4 Nf6 5. Na3 g6 6. Bf4 Bg7 7. Nb5 Na6 8. Qg3 Nd5 9. Be5 O-O 10. c4 Bxe5 11. dxe5 Ndc7 12. Qf3 Nxb5 13. cxb5 Nb4 14. Qc3 Nd5 15. Qd2 d6 16. exd6 Qxd6 17. a3 Rd8 18. b4 Nf4 19. Qxd6 Rxd6 20. Rd1 Rxd1+ 21. Kxd1 e5 22. f3 Be6 23. Kd2 Rc8 24. b6 axb6 25. a4 Ra8 26. a5 bxa5 27. bxa5 Rxa5 28. Ke3 b5 29. Ne2 Nxe2 30. Bxe2 b4 31. Rb1 b3 32. g4 Ra8 33. Ke4 Rb8 34. Rb2 f6 35. h4 Kg7 36. g5 Bf7 37. gxf6+ Kxf6 38. f4 exf4 39. Kxf4 h6 40. Bg4 g5+ 41. hxg5+ hxg5+ 42. Kg3 Ke5 43. Re2+ Kf6 44. Rf2+ Kg6 45. Bf5+ Kh6 46. Rh2+ Kg7 47. Rb2 Kf6 48. Kg4 Rb4+ 49. Kf3 Kxf5 50. Ke3 g4 51. Kd3 Rb8 52. Ke2 Be6 53. Kf2 Kf4 54. Kg2 Bd5+ 55. Kh2 g3+ 56. Kg1 g2 57. Kf2 Rg8 58. Kg1 Ke4 59. Re2+ Kd4 60. Rd2+ Kc4 61. Rf2 Kc3 62. Rf5 Ba8 63. Rc5+ Kb4 64. Re5 b2 65. Re1 Rh8 66. Re2 b1=Q+ 67. Kf2 Qf1+ 68. Ke3 g1=Q+ 69. Kd3 Qg3+ 70. Kd2 Rd8+ 71. Kc2 Qc3# 0-1

[Event "CYCC U10 w"]
[Site "Quebec CAN"]
[Date "2008.07.16"]
[Round "7"]
[White "Labrosse, Karine"]
[Black "Lingyun, Shi"]
[Result "0-1"]
[WhiteElo "786"]
[BlackElo "1164"]
[PlyCount "54"]
[GameId "2160767910354001"]
[EventDate "2008.07.14"]
[EventType "swiss"]
[EventRounds "7"]
[EventCountry "CAN"]
[SourceTitle "EXT 2011"]
[Source "ChessBase"]
[SourceDate "2011.11.26"]
[SourceVersion "1"]
[SourceVersionDate "2011.11.26"]
[SourceQuality "1"]

1. e4 e5 2. Nf3 Nc6 3. Bc4 Nf6 4. Nc3 Bc5 5. O-O O-O 6. d3 h6 7. Bf4 exf4 8. Re1 d6 9. Qe2 Ng4 10. Rad1 Bxf2+ 11. Kf1 Bxe1 12. Kxe1 Ne3 13. Rd2 Nxc4 14. dxc4 Re8 15. Rd5 Be6 16. Rh5 Bg4 17. Rd5 Re5 18. Rd3 Qd7 19. h3 Bxf3 20. Qxf3 Nb4 21. Rd2 Qc6 22. Rf2 Qxc4 23. Qg4 f5 24. Qh4 Nxa2 25. Nxa2 Rxe4+ 26. Kd1 Qd4+ 27. Kc1 Re1# 0-1

[Event "CYCC U10 w"]
[Site "Quebec CAN"]
[Date "2008.07.16"]
[Round "7"]
[White "Leveille, Maryse"]
[Black "Peng, Jackie"]
[Result "0-1"]
[WhiteElo "1121"]
[BlackElo "1210"]
[PlyCount "62"]
[GameId "2160767910354002"]
[EventDate "2008.07.14"]
[EventType "swiss"]
[EventRounds "7"]
[EventCountry "CAN"]
[SourceTitle "EXT 2011"]
[Source "ChessBase"]
[SourceDate "2011.11.26"]
[SourceVersion "1"]
[SourceVersionDate "2011.11.26"]
[SourceQuality "1"]

1. e4 e5 2. Nf3 Nc6 3. Bc4 Nf6 4. Nc3 Nxe4 5. Nxe4 d5 6. Bd3 dxe4 7. Bxe4 Bd6 8. O-O Bg4 9. h3 Bh5 10. d3 Qf6 11. Be3 O-O 12. Re1 Nd4 13. Bxd4 exd4 14. c3 dxc3 15. bxc3 Qxc3 16. Rc1 Qa5 17. Re3 Qxa2 18. Rc2 Qa6 19. Bf5 Rfe8 20. Rxe8+ Rxe8 21. Bg4 Bxg4 22. hxg4 Qa4 23. g5 Qg4 24. d4 Bb4 25. Kh2 Qh5+ 26. Kg3 Bd6+ 27. Ne5 Qxg5+ 28. Kf3 Qh5+ 29. g4 Qh3+ 30. Ke2 Bxe5 31. Kd2 Bf4# 0-1

[Event "CYCC U10 w"]
[Site "Quebec CAN"]
[Date "2008.07.16"]
[Round "7"]
[White "Sametova, Zhanna"]
[Black "Reiher, Laurence"]
[Result "1-0"]
[WhiteElo "976"]
[BlackElo "1039"]
[PlyCount "106"]
[GameId "2160767910354003"]
[EventDate "2008.07.14"]
[EventType "swiss"]
[EventRounds "7"]
[EventCountry "CAN"]
[SourceTitle "EXT 2011"]
[Source "ChessBase"]
[SourceDate "2011.11.26"]
[SourceVersion "1"]
[SourceVersionDate "2011.11.26"]
[SourceQuality "1"]

1. e4 e5 2. Nf3 Nc6 3. Nc3 Nf6 4. d4 exd4 5. Nxd4 Nxd4 6. Qxd4 Be7 7. Be2 O-O 8. O-O d6 9. Rd1 Be6 10. Bf4 b6 11. Qe3 Nd7 12. e5 dxe5 13. Bxe5 Bc5 14. Qg3 f6 15. Bxc7 Qc8 16. Bf3 Re8 17. Bxa8 Qxa8 18. Re1 Bb4 19. Qf3 Qxf3 20. gxf3 Nc5 21. a3 Bxc3 22. bxc3 Rc8 23. Bd6 Bd5 24. Bxc5 Rxc5 25. Re3 a5 26. f4 Bc6 27. Rb1 b5 28. Rh3 Rf5 29. Rh4 g5 30. fxg5 Rxg5+ 31. Kf1 Bg2+ 32. Ke2 Re5+ 33. Kd3 Rd5+ 34. Rd4 Rxd4+ 35. cxd4 h5 36. Rg1 Kf7 37. Rxg2 b4 38. axb4 axb4 39. f3 Ke6 40. Kc4 Kd6 41. Rg6 Ke6 42. d5+ Kd6 43. Rxf6+ Ke7 44. Rh6 Kd7 45. Rxh5 Kd6 46. f4 Ke7 47. Rh7+ Ke8 48. f5 Kf8 49. d6 Ke8 50. f6 Kd8 51. Rh8+ Kd7 52. f7 Kxd6 53. f8=Q+ Ke5 1-0

[Event "CYCC U10 w playoff"]
[Site "Quebec CAN"]
[Date "2008.07.16"]
[Round "1"]
[White "Sametova, Zhanna"]
[Black "Milicevic, Aleksandra"]
[Result "1/2-1/2"]
[WhiteElo "976"]
[BlackElo "1098"]
[PlyCount "97"]
[GameId "2160767910353788"]
[EventDate "2008.07.17"]
[EventType "match"]
[EventRounds "3"]
[EventCountry "CAN"]

1. e4 c5 2. Nf3 Nc6 3. d4 cxd4 4. Nxd4 g6 5. Be3 Bg7 6. Nc3 Nf6 7. Bb5 O-O 8. O-O d6 9. Rb1 a6 10. Nxc6 bxc6 11. Bxc6 Rb8 12. Ba7 Rb4 13. a3 Rc4 14. Qe2 Rxc6 15. Rfd1 Qc7 16. Be3 Bd7 17. Rd2 Ng4 18. Nd5 Qd8 19. Bg5 Re8 20. h3 Nf6 21. Bxf6 Bxf6 22. Nb4 Rb6 23. Nxa6 Bb5 24. c4 Bxa6 25. f4 Qc7 26. Rc2 Bg7 27. g3 Rf8 28. Qf2 Qc5 29. Qxc5 dxc5 30. b4 cxb4 31. axb4 Rd6 32. e5 Rdd8 33. b5 Bb7 34. c5 Be4 35. Rcc1 Bxb1 36. Rxb1 Rd7 37. b6 Rfd8 38. c6 Rd1+ 39. Rxd1 Rxd1+ 40. Kg2 Rd2+ 41. Kg1 Rd1+ 42. Kf2 Rc1 43. b7 Rxc6 44. b8=Q+ Rc8 45. Qxc8+ Bf8 46. Qd7 e6 47. g4 h6 48. h4 Kg7 49. Qd8 1/2-1/2

[Event "CYCC U10 w playoff"]
[Site "Quebec CAN"]
[Date "2008.07.16"]
[Round "2"]
[White "Milicevic, Aleksandra"]
[Black "Sametova, Zhanna"]
[Result "1/2-1/2"]
[WhiteElo "1098"]
[BlackElo "976"]
[PlyCount "75"]
[GameId "2160767910353789"]
[EventDate "2008.07.17"]
[EventType "match"]
[EventRounds "3"]
[EventCountry "CAN"]

1. e4 c5 2. Nf3 Nc6 3. Bc4 Nf6 4. d3 e5 5. Ng5 d5 6. exd5 Na5 7. Bb5+ Bd7 8. Bxd7+ Qxd7 9. Nc3 Nxd5 10. Nxd5 Qxd5 11. O-O Be7 12. Nf3 Nc6 13. Re1 Bf6 14. a3 Rd8 15. Bg5 Bxg5 16. Nxg5 O-O 17. Nf3 Rfe8 18. c4 Qxd3 19. Qxd3 Rxd3 20. Rad1 Red8 21. Rxd3 Rxd3 22. Nxe5 Nxe5 23. h3 Nd7 24. Re8+ Nf8 25. Rb8 Rd7 26. Re8 g6 27. Re3 Kg7 28. Kh2 Ne6 29. Kg1 Rd4 30. b3 a5 31. a4 b6 32. Kh2 Rd2 33. f3 Rd6 34. Kg1 Kf6 35. Kh2 Nc7 36. g4 Re6 37. Rd3 Ke7 38. Kg3 1/2-1/2

[Event "CYCC U10 w playoff"]
[Site "Quebec CAN"]
[Date "2008.07.16"]
[Round "3"]
[White "Sametova, Zhanna"]
[Black "Milicevic, Aleksandra"]
[Result "1-0"]
[WhiteElo "976"]
[BlackElo "1098"]
[PlyCount "71"]
[GameId "2160767910353790"]
[EventDate "2008.07.17"]
[EventType "match"]
[EventRounds "3"]
[EventCountry "CAN"]

1. e4 c5 2. Nf3 Nc6 3. d4 cxd4 4. Nxd4 g6 5. Nc3 Bg7 6. Nxc6 bxc6 7. Bd3 d6 8. O-O Nf6 9. Re1 O-O 10. Bf4 Re8 11. e5 dxe5 12. Bxe5 Bd7 13. h3 a5 14. a3 Rf8 15. Rf1 Re8 16. a4 Rf8 17. Be4 Re8 18. Qf3 Rf8 19. Bxf6 Bxf6 20. Rfd1 Bg7 21. Bxc6 Rb8 22. Rab1 Qc7 23. Rxd7 Qb6 24. Rxe7 Bxc3 25. Qxc3 Rfc8 26. Rbe1 h6 27. Re8+ Rxe8 28. Rxe8+ Rxe8 29. Bxe8 Qb8 30. Bb5 Qd8 31. Qd3 Qe7 32. Qe2 Qd8 33. Qe8+ Qxe8 34. Bxe8 Kf8 35. Bc6 Ke7 36. Bf3 1-0

[Event "CYCC U12"]
[Site "Quebec CAN"]
[Date "2008.07.14"]
[Round "1"]
[White "Cai, Tony"]
[Black "Violette, Sebastien"]
[Result "1-0"]
[WhiteElo "1683"]
[BlackElo "1090"]
[PlyCount "69"]
[GameId "2160767910354004"]
[EventDate "2008.07.14"]
[EventType "swiss"]
[EventRounds "7"]
[EventCountry "CAN"]
[SourceTitle "EXT 2011"]
[Source "ChessBase"]
[SourceDate "2011.11.26"]
[SourceVersion "1"]
[SourceVersionDate "2011.11.26"]
[SourceQuality "1"]

1. d4 Nf6 2. c4 e6 3. Nc3 d6 4. e4 d5 5. e5 Ne4 6. f3 Nxc3 7. bxc3 c5 8. Be3 Nc6 9. cxd5 cxd4 10. dxc6 dxe3 11. cxb7 Bxb7 12. Qa4+ Qd7 13. Bb5 Qxb5 14. Qxb5+ Kd8 15. Rd1+ Bd5 16. Rxd5+ exd5 17. Qxd5+ Kc7 18. Qxa8 f6 19. e6 Kd6 20. Qe8 Ke5 21. e7 Bxe7 22. Qxh8 g5 23. Ne2 a5 24. Nd4 Kd5 25. Ke2 Kc4 26. Qc8+ Bc5 27. Ne6 Kd5 28. Rd1+ Ke5 29. Qxc5+ Kxe6 30. Rd6+ Kf7 31. Qf5 Ke8 32. Qxh7 g4 33. Ra6 gxf3+ 34. gxf3 f5 35. Ra8# 1-0

[Event "CYCC U12"]
[Site "Quebec CAN"]
[Date "2008.07.14"]
[Round "1"]
[White "Chan, Alex H"]
[Black "Chartrand, Maxime"]
[Result "1-0"]
[WhiteElo "1633"]
[BlackElo "977"]
[PlyCount "51"]
[GameId "2160767910354005"]
[EventDate "2008.07.14"]
[EventType "swiss"]
[EventRounds "7"]
[EventCountry "CAN"]
[SourceTitle "EXT 2011"]
[Source "ChessBase"]
[SourceDate "2011.11.26"]
[SourceVersion "1"]
[SourceVersionDate "2011.11.26"]
[SourceQuality "1"]

1. e4 c5 2. Nf3 Nc6 3. d4 cxd4 4. Nxd4 Nxd4 5. Qxd4 Nf6 6. Nc3 e6 7. Bg5 h6 8. Bh4 d6 9. O-O-O Qb6 10. Bxf6 gxf6 11. Qxf6 Rg8 12. Bb5+ Bd7 13. Bxd7+ Kxd7 14. Qxf7+ Be7 15. g3 Rgf8 16. Qh5 Rxf2 17. Qxh6 Bf6 18. Qh7+ Kc6 19. Rd3 Bg5+ 20. Kb1 Raf8 21. Qh3 Bd2 22. Nd1 Re2 23. Qxe6 Qa5 24. Qxd6+ Kb5 25. Rd5+ Ka4 26. b3# 1-0

[Event "CYCC U12"]
[Site "Quebec CAN"]
[Date "2008.07.14"]
[Round "1"]
[White "Chuchin, Sasha"]
[Black "Nunez-Painchaud, Raphael"]
[Result "0-1"]
[WhiteElo "1124"]
[BlackElo "1686"]
[PlyCount "98"]
[GameId "2160767910354006"]
[EventDate "2008.07.14"]
[EventType "swiss"]
[EventRounds "7"]
[EventCountry "CAN"]
[SourceTitle "EXT 2011"]
[Source "ChessBase"]
[SourceDate "2011.11.26"]
[SourceVersion "1"]
[SourceVersionDate "2011.11.26"]
[SourceQuality "1"]

1. e4 c5 2. Nf3 Nc6 3. d4 cxd4 4. Nxd4 g6 5. Be3 Bg7 6. Nxc6 bxc6 7. Bd4 Nf6 8. Nc3 O-O 9. Be2 Rb8 10. Rb1 Qa5 11. O-O d6 12. a3 Ba6 13. Bxa7 Bxe2 14. Qxe2 Qxa7 15. Qd3 Nd7 16. Rfe1 Nc5 17. Qe3 Rb7 18. Red1 Na4 19. Qxa7 Rxa7 20. Nxa4 Rxa4 21. Re1 Rb8 22. c3 Ra7 23. Re2 Rxa3 24. Kf1 Rxc3 25. bxc3 Rxb1+ 26. Re1 Rxe1+ 27. Kxe1 Bxc3+ 28. Kd1 Bd4 29. f3 Kg7 30. Kc2 Kf6 31. Kd3 Bg1 32. h3 d5 33. exd5 cxd5 34. g3 e5 35. Ke2 e4 36. fxe4 dxe4 37. Kf1 Bd4 38. Ke2 h5 39. Ke1 Be5 40. Kf2 e3+ 41. Kxe3 Bxg3 42. Kf3 h4 43. Kg4 Ke5 44. Kg5 f5 45. Kxg6 f4 46. Kg5 f3 47. Kg4 f2 48. Kg5 f1=Q 49. Kg4 Qf5# 0-1

[Event "CYCC U12"]
[Site "Quebec CAN"]
[Date "2008.07.14"]
[Round "1"]
[White "Dumais, Remi"]
[Black "Lepine, Cedric"]
[Result "0-1"]
[WhiteElo "975"]
[BlackElo "1541"]
[PlyCount "32"]
[GameId "2160767910354007"]
[EventDate "2008.07.14"]
[EventType "swiss"]
[EventRounds "7"]
[EventCountry "CAN"]
[SourceTitle "EXT 2011"]
[Source "ChessBase"]
[SourceDate "2011.11.26"]
[SourceVersion "1"]
[SourceVersionDate "2011.11.26"]
[SourceQuality "1"]

1. e4 e6 2. d4 d5 3. Nc3 Bb4 4. Nf3 dxe4 5. Ng5 Nf6 6. Bb5+ Bd7 7. Bc4 h6 8. Nf3 exf3 9. Qxf3 Bc6 10. Qg3 Rg8 11. Qe5 Nbd7 12. Qe3 Nb6 13. O-O Nxc4 14. Qf4 Bxc3 15. bxc3 Qd5 16. Rd1 Qxg2# 0-1

[Event "CYCC U12"]
[Site "Quebec CAN"]
[Date "2008.07.14"]
[Round "1"]
[White "Farrant-Diaz, Nathan"]
[Black "Robichaud, Nicolas"]
[Result "1-0"]
[WhiteElo "1571"]
[BlackElo "1051"]
[PlyCount "95"]
[GameId "2160767910354008"]
[EventDate "2008.07.14"]
[EventType "swiss"]
[EventRounds "7"]
[EventCountry "CAN"]
[SourceTitle "EXT 2011"]
[Source "ChessBase"]
[SourceDate "2011.11.26"]
[SourceVersion "1"]
[SourceVersionDate "2011.11.26"]
[SourceQuality "1"]

1. e4 c5 2. Nf3 e6 3. d4 Nf6 4. Bg5 d6 5. dxc5 Nbd7 6. cxd6 Qa5+ 7. Qd2 Qxd2+ 8. Nbxd2 Bxd6 9. Bxf6 Nxf6 10. e5 Be7 11. exf6 Bxf6 12. Bb5+ Kf8 13. O-O-O a6 14. Ba4 b5 15. Bb3 Bb7 16. a4 g6 17. Rhe1 Kg7 18. Ne4 Rhd8 19. Nxf6 Kxf6 20. Rxd8 Rxd8 21. Rd1 Rxd1+ 22. Kxd1 Bc6 23. axb5 axb5 24. c3 g5 25. Bc2 h6 26. Ke2 h5 27. g3 g4 28. Nd4 Bb7 29. Nxb5 Bd5 30. b4 Bc4+ 31. Bd3 Bxd3+ 32. Kxd3 e5 33. Nd6 Ke6 34. Ne4 f5 35. Nc5+ Kd5 36. c4+ Kc6 37. Ne6 Kb6 38. Ng7 e4+ 39. Kd4 f4 40. gxf4 h4 41. f5 e3 42. Kxe3 Kc6 43. b5+ Kc5 44. f6 Kd6 45. b6 Ke5 46. f7 Kf6 47. f8=Q+ Ke5 48. Qf4# 1-0

[Event "CYCC U12"]
[Site "Quebec CAN"]
[Date "2008.07.14"]
[Round "1"]
[White "Florea, Alexandru"]
[Black "Xu, Tian Run"]
[Result "1-0"]
[WhiteElo "1824"]
[BlackElo "1549"]
[PlyCount "102"]
[GameId "2160767910354009"]
[EventDate "2008.07.14"]
[EventType "swiss"]
[EventRounds "7"]
[EventCountry "CAN"]
[SourceTitle "EXT 2011"]
[Source "ChessBase"]
[SourceDate "2011.11.26"]
[SourceVersion "1"]
[SourceVersionDate "2011.11.26"]
[SourceQuality "1"]

1. e4 e5 2. Nf3 Nc6 3. Bc4 Bc5 4. c3 Nf6 5. d3 O-O 6. b4 Bb6 7. Bg5 h6 8. Bxf6 Qxf6 9. O-O d6 10. a4 a5 11. b5 Ne7 12. h3 Qg6 13. Kh1 Re8 14. Nh2 Be6 15. Bxe6 Qxe6 16. f4 exf4 17. Rxf4 Ng6 18. Rf1 d5 19. Nd2 Rad8 20. exd5 Qxd5 21. d4 Re3 22. Rc1 Rde8 23. Qb3 Qxb3 24. Nxb3 Re2 25. c4 c6 26. c5 Bc7 27. b6 Bxh2 28. Kxh2 Ra8 29. d5 Ne5 30. Nd4 Rd2 31. Rfd1 Rxd1 32. Rxd1 cxd5 33. Nb5 Rd8 34. Nd6 Rd7 35. Rxd5 f6 36. Kg3 Nc6 37. Kf4 g5+ 38. Kf5 Nb4 39. Ke6 Rd8 40. Rd2 Rb8 41. Kxf6 Na6 42. Re2 Nxc5 43. Re7 Nxa4 44. Rg7+ Kf8 45. Rf7+ Kg8 46. Nf5 Rc8 47. Ne7+ Kh8 48. Nxc8 Nc5 49. Ne7 Nd7+ 50. Kf5 Nxb6 51. Kg6 a4 1-0

[Event "CYCC U12"]
[Site "Quebec CAN"]
[Date "2008.07.14"]
[Round "1"]
[White "Itkin, David"]
[Black "Du, Bob"]
[Result "1-0"]
[WhiteElo "1597"]
[BlackElo "926"]
[PlyCount "71"]
[GameId "2160767910354010"]
[EventDate "2008.07.14"]
[EventType "swiss"]
[EventRounds "7"]
[EventCountry "CAN"]

1. e4 c6 2. d4 d5 3. Nc3 dxe4 4. Nxe4 Bf5 5. Ng3 Bg6 6. Nf3 e6 7. Bd3 Bxd3 8. Qxd3 Nf6 9. O-O Bd6 10. Ne4 Nxe4 11. Qxe4 Nd7 12. Bg5 Nf6 13. Qe2 h6 14. Bh4 Qc7 15. Bg3 Bxg3 16. fxg3 h5 17. c4 O-O-O 18. b4 Rdg8 19. b5 g5 20. Nxg5 Rxg5 21. Rxf6 h4 22. Qe3 Rgh5 23. g4 R5h7 24. Qf4 Qxf4 25. Rxf4 h3 26. g3 cxb5 27. cxb5 Kc7 28. Kf2 Kb6 29. a4 Ka5 30. Ke3 Rc8 31. Kd3 Kb4 32. d5+ Kb3 33. Rb1+ Ka2 34. Rff1 Rg8 35. Ra1+ Kb3 36. Rfb1# 1-0

[Event "CYCC U12"]
[Site "Quebec CAN"]
[Date "2008.07.14"]
[Round "1"]
[White "Leu, Richard"]
[Black "Kaufman, Elliot"]
[Result "1-0"]
[WhiteElo "1962"]
[BlackElo "1412"]
[PlyCount "103"]
[GameId "2160767910354012"]
[EventDate "2008.07.14"]
[EventType "swiss"]
[EventRounds "7"]
[EventCountry "CAN"]
[SourceTitle "EXT 2011"]
[Source "ChessBase"]
[SourceDate "2011.11.26"]
[SourceVersion "1"]
[SourceVersionDate "2011.11.26"]
[SourceQuality "1"]

1. d4 d5 2. c4 e6 3. Nc3 Nf6 4. Bg5 Nbd7 5. e3 c6 6. Nf3 Qa5 7. Nd2 Bb4 8. Qc2 O-O 9. a3 Bxc3 10. Qxc3 Qxc3 11. bxc3 b6 12. Be2 c5 13. O-O Bb7 14. f3 Rfe8 15. f4 dxc4 16. Bxc4 Ne4 17. Nxe4 Bxe4 18. Bb5 f6 19. Bxd7 Re7 20. Bb5 fxg5 21. fxg5 a6 22. Be2 Bd5 23. c4 Bc6 24. Rfb1 Rb7 25. dxc5 bxc5 26. Rxb7 Bxb7 27. Rb1 Be4 28. Rb6 Kf7 29. Bf3 Bxf3 30. gxf3 Ke7 31. Rc6 Kd7 32. Rxc5 Rc8 33. Rxc8 Kxc8 34. Kf2 Kc7 35. Ke2 Kc6 36. Kd3 Kc5 37. f4 g6 38. h3 a5 39. h4 a4 40. Kc3 Kd6 41. Kd4 Kc6 42. e4 Kd6 43. c5+ Kc6 44. Kc4 e5 45. fxe5 h6 46. gxh6 g5 47. hxg5 Kd7 48. Kd5 Ke7 49. e6 Kf8 50. Kd6 Kg8 51. g6 Kf8 52. Kd7 1-0